LEADER 00994nam a2200241 i 4500 001 000000186010 003 CaOOAMICUS 005 20100219000000.0 008 100219s1928 it u000 u fre u 013 $a164053 040 $aSeMil$bita 100 1 $aMéline, Pierre.$0(OLS)http://semarc/name/68344 245 10$aMorale familiare /$cpar Pierre Méline. 260 $aParis :$bLibrairie Bloud & Gay,$ccopyr. 1928. 300 $a192 p. ;$c19 cm. 490 0 $aBibliothèque catholique des sciences religieuses ;$v73 500 $aContiene : Bibliographie. 650 4$aFamiglia - Etica e morale.$0(OLS)http://semarc/subject/45819 830 0$aBibliothèque catholique des sciences religieuses ;$v73.$0(OLS)http://semarc/title/20005 850 $aSeMil 852 $aSeMil$W1$xVenegono$y1$m3F I 135$j136697$B136697$CSeMilBibl$Z2$F148253 $81 996 $6245$aMorale familiare$9(OLS)http://semarc/title/66867 996 $6260$aParis :$bLibrairie Bloud & Gay$9(OLS)http://semarc/publisher/38969 LEADER 01057nam a2200253 i 4500 001 000000049374 003 CaOOAMICUS 005 20090619000000.0 008 090619s1992 it u000 u ita u 013 $a20544 020 $a88-384-1677-X 040 $aSeMil$bita 100 1 $aBiffi, Franco.$0(OLS)http://semarc/name/1346 245 10$aConvertitevi e lottate per la giustizia :$bcento anni di magistero sociale /$cFranco Biffi. 260 $aCasale Monferrato (AL) :$bPiemme,$c1992. 300 $a175 p. ;$c21 cm. 500 $aFondo Conti. 650 4$aChiesa cattolica - Dottrina sociale.$0(OLS)http://semarc/subject/330 850 $aSeMil 852 $aSeMil$W1$xVenegono$y1$m2A II 360$j15529$B15529$CSeMilBibl$Z2$F15529 $81 961 $aOmaggio: Colombo don Umberto 996 $6020$a88-384-1677-X$9(OLS)http://semarc/number/22805 996 $6245$aConvertitevi e lottate per la giustizia :$bcento anni di magistero sociale$9(OLS)http://semarc/title/75040 996 $6260$aCasale Monferrato (AL) :$bPiemme$9(OLS)http://semarc/publisher/30052